000 00198 a2200085 4500
999 _c211123
_d211123
020 _a9780500252413
100 _aStanford, Peter
245 _aPilgrimage : Journeys of meaning /
260 _bT&H,
_c2021.